[Event "Samara op"]
[Site "Samara"]
[Date "2010.07.29"]
[Round "7"]
[White "Igonin, Michail"]
[Black "Belikov, Alexey"]
[Result "1-0"]
[WhiteElo "2190"]
[BlackElo "2202"]
[PlyCount "53"]
[EventDate "2010.07.23"]
[EventType "swiss"]
[EventRounds "9"]
[EventCountry "RUS"]
[SourceTitle "EXT 2011"]
[Source "ChessBase"]
[SourceDate "2010.11.26"]
[SourceVersion "1"]
[SourceVersionDate "2010.11.26"]
[SourceQuality "1"]

1. e4 c5 2. Nf3 Nf6 3. e5 Nd5 4. Nc3 e6 5. Nxd5 exd5 6. d4 Nc6 7. dxc5 Bxc5 8. Qxd5 Qb6 9. Bc4 Bxf2+ 10. Ke2 0-0 11. Rf1 Bc5 12. Ng5 Nd4+ 13. Kd1 Ne6 14. Ne4 d6 15. exd6 Bxd6 16. Nxd6 Rd8 17. Bd3 Qxd6 18. Qf5 Qxh2 19. Qxf7+ Kh8 20. Bg5 Rg8 21. Be3 Qe5 22. Rh1 Nf8 23. Kd2 Be6 24. Bxh7 Qa5+ 25. c3 Bxf7 26. Bg6+ Qh5 27. Rxh5+ 1-0

[Event "Samara op"]
[Site "Samara"]
[Date "2010.07.28"]
[Round "6"]
[White "Kobylsky, Evgeny"]
[Black "Igonin, Michail"]
[Result "0-1"]
[WhiteElo "2037"]
[BlackElo "2190"]
[PlyCount "85"]
[EventDate "2010.07.23"]
[EventType "swiss"]
[EventRounds "9"]
[EventCountry "RUS"]
[SourceTitle "EXT 2011"]
[Source "ChessBase"]
[SourceDate "2010.11.26"]
[SourceVersion "1"]
[SourceVersionDate "2010.11.26"]
[SourceQuality "1"]

1. e4 c5 2. Nc3 Nc6 3. g3 g6 4. Bg2 Bg7 5. d3 d6 6. f4 e6 7. Nf3 Nge7 8. 0-0 0-0 9. Be3 Nd4 10. e5 Nef5 11. Bf2 Qb6 12. Na4 Nxf3+ 13. Bxf3 Qa5 14. b3 Bd7 15. Nb2 dxe5 16. Nc4 Qc7 17. Nxe5 Rab8 18. c3 Bxe5 19. fxe5 Qxe5 20. Qd2 h5 21. Rae1 Qd6 22. Qg5 Bc6 23. Be4 b6 24. h3 Kg7 25. Kg2 f6 26. Qc1 Bxe4+ 27. dxe4 Ne7 28. Be3 Ng8 29. Rf3 Rfd8 30. Ref1 e5 31. g4 hxg4 32. hxg4 Qc6 33. Qc2 Rd6 34. Rh1 Rbd8 35. Kg3 g5 36. Qh2 Qxe4 37. Qh8+ Kf7 38. Rh7+ Ke6 39. Rxa7 R6d7 40. Rxd7 Kxd7 41. Qg7+ Kc8 42. Qf7 Qd5 43. Qa7 0-1

[Event "Samara op"]
[Site "Samara"]
[Date "2010.07.27"]
[Round "5"]
[White "Igonin, Michail"]
[Black "Mavlikhanov, Eduard"]
[Result "1-0"]
[WhiteElo "2190"]
[BlackElo "1909"]
[PlyCount "73"]
[EventDate "2010.07.23"]
[EventType "swiss"]
[EventRounds "9"]
[EventCountry "RUS"]
[SourceTitle "EXT 2011"]
[Source "ChessBase"]
[SourceDate "2010.11.26"]
[SourceVersion "1"]
[SourceVersionDate "2010.11.26"]
[SourceQuality "1"]

1. d4 Nf6 2. c4 g6 3. Nc3 Bg7 4. e4 d6 5. Be2 0-0 6. Nf3 c5 7. 0-0 Bg4 8. d5 Nbd7 9. Be3 a6 10. a4 Qc7 11. h3 Bxf3 12. Bxf3 Ne8 13. Qd2 e6 14. dxe6 fxe6 15. Bg4 e5 16. Nd5 Qd8 17. Bxd7 Qxd7 18. Nb6 Qd8 19. Nxa8 Qxa8 20. b4 cxb4 21. Qxb4 Rf7 22. Rac1 Qd8 23. c5 d5 24. exd5 Qxd5 25. Rfd1 Qc6 26. Rd8 Bf6 27. Rd2 Kg7 28. Rcd1 Rc7 29. Qg4 Kf8 30. Rd7 e4 31. Rxc7 Qxc7 32. Rd7 Qa5 33. Qxe4 Ng7 34. Bh6 Qxc5 35. Bxg7+ Bxg7 36. Qf4+ Qf5 37. Qb8# 1-0

[Event "Samara op"]
[Site "Samara"]
[Date "2010.07.24"]
[Round "2"]
[White "Pribytov, Valery"]
[Black "Igonin, Michail"]
[Result "0-1"]
[WhiteElo "1935"]
[BlackElo "2190"]
[PlyCount "64"]
[EventDate "2010.07.23"]
[EventType "swiss"]
[EventRounds "9"]
[EventCountry "RUS"]
[SourceTitle "EXT 2011"]
[Source "ChessBase"]
[SourceDate "2010.11.26"]
[SourceVersion "1"]
[SourceVersionDate "2010.11.26"]
[SourceQuality "1"]

1. e4 c5 2. Nc3 Nc6 3. g3 g6 4. Bg2 Bg7 5. Nge2 d6 6. d3 e6 7. 0-0 Nd4 8. Be3 Rb8 9. Rb1 Ne7 10. Nf4 Nec6 11. Nce2 0-0 12. c3 Nxe2+ 13. Nxe2 b6 14. f4 Bb7 15. f5 exf5 16. exf5 Qe7 17. Bd2 g5 18. Nc1 Ne5 19. Bxb7 Rxb7 20. Qh5 Bf6 21. h4 gxh4 22. g4 Kh8 23. Kf2 Rg8 24. Rg1 Bg5 25. Bxg5 Rxg5 26. Qh6 Nxg4+ 27. Rxg4 Rxg4 28. f6 Qe5 29. Ne2 Qh2+ 30. Ke3 Rb8 31. Kd2 Re8 32. Re1 Rg6 0-1

[Event "Samara Rating SCC"]
[Site "Samara"]
[Date "2008.09.??"]
[Round "9"]
[White "Igonin, Michail"]
[Black "Mokshanov, Igor"]
[Result "0-1"]
[WhiteElo "2186"]
[BlackElo "1889"]
[PlyCount "76"]
[EventDate "2008.09.10"]
[EventType "tourn"]
[EventRounds "9"]
[EventCountry "RUS"]
[SourceTitle "EXT 2022"]
[Source "ChessBase"]
[SourceDate "2021.10.06"]
[SourceVersion "1"]
[SourceVersionDate "2021.10.06"]
[SourceQuality "1"]

1. d4 d5 2. c4 e6 3. Nf3 Nf6 4. Nc3 Be7 5. g3 c6 6. Bg2 0-0 7. 0-0 Nbd7 8. Qd3 b6 9. Rd1 Ba6 10. b3 Rc8 11. a4 Bb4 12. Nd2 Bxc3 13. Qxc3 c5 14. Bb2 cxd4 15. Qxd4 e5 16. Qh4 d4 17. Nf3 Qc7 18. Ba3 Rfe8 19. e3 dxe3 20. fxe3 Nc5 21. Rab1 Bb7 22. Rf1 Rcd8 23. Ng5 Rd2 24. e4 Rxg2+ 25. Kxg2 Bxe4+ 26. Nxe4 Ncxe4 27. Rbe1 Qc6 28. Kg1 Nd2 29. Rxf6 Qxf6 30. Qxf6 gxf6 31. Re3 e4 32. c5 f5 33. Kf2 Rc8 34. Rc3 Nb1 35. cxb6 Rxc3 36. bxa7 Rc8 37. Bd6 Ra8 38. Bc5 Nc3 0-1

[Event "Samara Rating SCC"]
[Site "Samara"]
[Date "2008.09.??"]
[Round "5"]
[White "Krylov, Leonid"]
[Black "Igonin, Michail"]
[Result "0-1"]
[WhiteElo "1879"]
[BlackElo "2186"]
[PlyCount "48"]
[EventDate "2008.09.10"]
[EventType "tourn"]
[EventRounds "9"]
[EventCountry "RUS"]
[SourceTitle "EXT 2022"]
[Source "ChessBase"]
[SourceDate "2021.10.06"]
[SourceVersion "1"]
[SourceVersionDate "2021.10.06"]
[SourceQuality "1"]

1. d4 Nf6 2. c4 c5 3. d5 e6 4. Nc3 exd5 5. cxd5 d6 6. Nf3 g6 7. Bg5 h6 8. Bh4 Bg7 9. e4 0-0 10. Be2 Re8 11. Nd2 a6 12. a4 Nbd7 13. 0-0 g5 14. Bg3 Ne5 15. f3 Nh5 16. Bf2 Nf4 17. Qc2 Qf6 18. Nc4 Qg6 19. Kh1 Bd7 20. a5 Rad8 21. Rg1 f5 22. Bg3 Nh5 23. Bxe5 Bxe5 24. Nxe5 Ng3+ 0-1

[Event "Samara Mayak Rating"]
[Site "Samara"]
[Date "2008.03.29"]
[Round "7"]
[White "Fomin, Taras"]
[Black "Igonin, Michail"]
[Result "1/2-1/2"]
[WhiteElo "2320"]
[BlackElo "2091"]
[PlyCount "62"]
[EventDate "2008.03.23"]
[EventType "tourn"]
[EventRounds "9"]
[EventCountry "RUS"]
[SourceTitle "EXT 2022"]
[Source "ChessBase"]
[SourceDate "2021.10.06"]
[SourceVersion "1"]
[SourceVersionDate "2021.10.06"]
[SourceQuality "1"]

1. e4 e5 2. Nf3 Nc6 3. Nc3 Nf6 4. d4 exd4 5. Nxd4 Bb4 6. Nxc6 bxc6 7. Bd3 d5 8. exd5 cxd5 9. Qe2+ Qe7 10. Qxe7+ Kxe7 11. Bd2 c6 12. 0-0-0 Re8 13. Rhe1+ Be6 14. f4 Kf8 15. h3 Bd7 16. Rf1 c5 17. a3 Ba5 18. Rfe1 Rxe1 19. Rxe1 Re8 20. Kd1 Bc6 21. Rxe8+ Kxe8 22. g4 h6 23. Nxd5 Nxd5 24. Bxa5 Nxf4 25. Bf1 Bg2 26. Bxg2 Nxg2 27. Bd2 Kd7 28. Ke2 Nh4 29. Bc3 f6 30. Ke3 Ke6 31. b4 cxb4 1/2-1/2

[Event "Samara Mayak Rating"]
[Site "Samara"]
[Date "2008.03.25"]
[Round "3"]
[White "Pogorelskikh, Sergey"]
[Black "Igonin, Michail"]
[Result "0-1"]
[WhiteElo "2283"]
[BlackElo "2091"]
[PlyCount "84"]
[EventDate "2008.03.23"]
[EventType "tourn"]
[EventRounds "9"]
[EventCountry "RUS"]
[SourceTitle "EXT 2022"]
[Source "ChessBase"]
[SourceDate "2021.10.06"]
[SourceVersion "1"]
[SourceVersionDate "2021.10.06"]
[SourceQuality "1"]

1. e4 e6 2. d4 d5 3. e5 c5 4. c3 Nc6 5. Nf3 Bd7 6. Be3 Qb6 7. Qd2 Nge7 8. dxc5 Qc7 9. Bd4 Ng6 10. Qe3 f6 11. exf6 e5 12. f7+ Kd8 13. Bd3 exd4 14. cxd4 Qf4 15. Nc3 Qxf7 16. 0-0 Be7 17. b4 Re8 18. b5 Bf6 19. Qd2 Nxd4 20. Nxd4 Bxd4 21. Bxg6 Bxc3 22. Bxf7 Bxd2 23. Bxe8 Kxe8 24. Rfd1 Bc3 25. Rab1 d4 26. Rb3 Rc8 27. Ra3 Bxb5 28. Rxa7 Ba6 29. h4 Rxc5 30. Ra8+ Ke7 31. Rh8 h6 32. Rg8 d3 33. f3 Ra5 34. Rc8 Bd4+ 35. Kh2 Rxa2 36. Rc7+ Ke6 37. Rc8 d2 38. f4 Kd5 39. Re8 Kc4 40. Rb1 Rb2 41. Ra1 Kb3 42. Rd8 Bc3 0-1

[Event "Samara Mayak Rating"]
[Site "Samara"]
[Date "2008.03.24"]
[Round "2"]
[White "Igonin, Michail"]
[Black "Krasnov, Vladimir"]
[Result "1-0"]
[WhiteElo "2091"]
[BlackElo "2235"]
[PlyCount "73"]
[EventDate "2008.03.23"]
[EventType "tourn"]
[EventRounds "9"]
[EventCountry "RUS"]
[SourceTitle "EXT 2022"]
[Source "ChessBase"]
[SourceDate "2021.10.06"]
[SourceVersion "1"]
[SourceVersionDate "2021.10.06"]
[SourceQuality "1"]

1. e4 c5 2. Nf3 d6 3. d4 cxd4 4. Nxd4 Nf6 5. Nc3 a6 6. Bg5 e6 7. Qf3 Be7 8. 0-0-0 Qc7 9. Qg3 Nc6 10. Nxc6 Qxc6 11. Bd3 Bd7 12. f4 h6 13. Bxf6 Bxf6 14. e5 dxe5 15. fxe5 Bg5+ 16. Kb1 0-0-0 17. Ne4 Be7 18. Qxg7 Rdf8 19. g3 Qc7 20. Nd6+ Bxd6 21. exd6 Qa5 22. Be4 Rhg8 23. Qxh6 f5 24. Bf3 Re8 25. Rd3 Kb8 26. Qh7 Rd8 27. Rc3 Rh8 28. Qe7 Rhe8 29. Qg5 e5 30. Bxb7 Be6 31. Ra3 Qb6 32. Bxa6 Qxd6 33. Qe3 f4 34. gxf4 exf4 35. Qd3 Qc6 36. Qb5+ Qxb5 37. Bxb5 1-0

[Event "Samara Region-ch FL"]
[Site "Samara"]
[Date "2007.12.23"]
[Round "9"]
[White "Igonin, Michail"]
[Black "Zhuzhukin, Nikita"]
[Result "0-1"]
[WhiteElo "2091"]
[BlackElo "1985"]
[PlyCount "67"]
[EventDate "2007.12.15"]
[EventType "swiss"]
[EventRounds "9"]
[EventCountry "RUS"]
[SourceTitle "EXT 2022"]
[Source "ChessBase"]
[SourceDate "2021.10.06"]
[SourceVersion "1"]
[SourceVersionDate "2021.10.06"]
[SourceQuality "1"]

1. d4 e6 2. c4 f5 3. g3 Nf6 4. Bg2 d5 5. Nh3 c6 6. 0-0 Bd6 7. Nd2 0-0 8. Nf3 Bd7 9. Bf4 Be8 10. Bxd6 Qxd6 11. Nf4 Nbd7 12. Qc2 Ne4 13. Nd3 Bh5 14. Nfe5 g5 15. Nxd7 Qxd7 16. Ne5 Qe7 17. Rac1 Qg7 18. cxd5 exd5 19. b4 Nd6 20. e3 f4 21. exf4 gxf4 22. Qb3 Kh8 23. Rfe1 Rf6 24. Kh1 Bg6 25. Nxg6+ Rxg6 26. Qd3 Rf8 27. Re5 Rgf6 28. gxf4 Rxf4 29. Rg1 Rxf2 30. Bxd5 Qh6 31. Qg3 cxd5 32. Re6 R2f6 33. Qe5 Ne4 34. Rf1 0-1

[Event "Samara Region-ch FL"]
[Site "Samara"]
[Date "2007.12.22"]
[Round "8"]
[White "Sorochan, Dmitry Vladimirovic"]
[Black "Igonin, Michail"]
[Result "0-1"]
[WhiteElo "2056"]
[BlackElo "2091"]
[PlyCount "38"]
[EventDate "2007.12.15"]
[EventType "swiss"]
[EventRounds "9"]
[EventCountry "RUS"]
[SourceTitle "EXT 2022"]
[Source "ChessBase"]
[SourceDate "2021.10.06"]
[SourceVersion "1"]
[SourceVersionDate "2021.10.06"]
[SourceQuality "1"]

1. e4 c5 2. Nc3 Nc6 3. g3 g6 4. Bg2 Bg7 5. d3 e5 6. Nge2 d6 7. h3 Nge7 8. 0-0 0-0 9. f4 exf4 10. gxf4 Bd7 11. Ng3 f5 12. Be3 Nd4 13. Nd5 Nxd5 14. exd5 Ba4 15. b3 Bd7 16. a4 Re8 17. Kf2 Qh4 18. Qd2 Rxe3 19. Qxe3 Nxc2 0-1

[Event "Samara Region-ch FL"]
[Site "Samara"]
[Date "2007.12.18"]
[Round "4"]
[White "Palachev, Petr"]
[Black "Igonin, Michail"]
[Result "0-1"]
[WhiteElo "1987"]
[BlackElo "2091"]
[PlyCount "94"]
[EventDate "2007.12.15"]
[EventType "swiss"]
[EventRounds "9"]
[EventCountry "RUS"]
[SourceTitle "EXT 2022"]
[Source "ChessBase"]
[SourceDate "2021.10.06"]
[SourceVersion "1"]
[SourceVersionDate "2021.10.06"]
[SourceQuality "1"]

1. d4 Nf6 2. c4 g6 3. Nc3 Bg7 4. e4 d6 5. f3 0-0 6. Be3 c5 7. d5 e6 8. Qd2 exd5 9. cxd5 Nbd7 10. Nh3 a6 11. a4 Nh5 12. Be2 Ne5 13. Nf2 f5 14. f4 Ng4 15. Nxg4 fxg4 16. g3 Qa5 17. 0-0 Re8 18. Qc2 Nf6 19. Bd3 Bd7 20. Bd2 c4 21. Be2 Nxe4 22. Nxe4 Qb6+ 23. Rf2 Bf5 24. Bc3 Rxe4 25. Qd1 Rae8 26. Bf1 Bd4 27. Bxd4 Rxd4 28. Qc1 Qc5 29. Ra3 Rde4 30. Qd2 Re1 31. b4 cxb3 32. Rxb3 Rc1 33. Qb4 Qxb4 34. Rxb4 Bd3 35. Rd4 Re3 36. Kg2 Be4+ 37. Kg1 Ree1 38. Rdd2 Bf3 39. h3 h5 40. hxg4 hxg4 41. Rb2 b5 42. axb5 axb5 43. Ra2 Bxd5 44. Rae2 Bc4 45. Rxe1 Rxe1 46. Kg2 Bxf1+ 47. Rxf1 Rxf1 0-1